Aportación original de una comarca del tercer mundo: latinoamérica

Chi tiết về thư mục
Tác giả chính: Rama, Angel
Định dạng: Bộ dụng cụ
Ngôn ngữ:Spanish
Loạt:Latinoaméricana. Cuadernos de Cultura Latinoaméricana
Những chủ đề:

MARC

LEADER 00000csc a2200000 a 4500
001 46595-73
005 20230308210258.0
008 000000|1978 ||||||||r|||||||||||spa||
040 |b spa 
041 1 |a spa 
082 0 |a 305.8 
100 1 |a Rama, Angel  |9 288477 
245 |a Aportación original de una comarca del tercer mundo: latinoamérica  |c Angel Rama  |h imp 
264 |a México  |b UNAM  |c 1978 
300 |a 17 páginas:  |c 22 cm 
490 |a Latinoaméricana. Cuadernos de Cultura Latinoaméricana  |n 22 cm 
504 |a incl. ref. 
650 1 |a Latinoamerica  |9 451 
852 |a UC-CDJBV  |c ESTANTERIA CERRADA  |f Donación  |k margarita.gutierrez  |l 1  |m General  |p 00000000  |r 2  |t 46595-73  |b 0  |d CDRC  |e CDRC  |g 305.8 ESTANTERIA CERRADA  |z 0000-00-00 
942
999 |c 114644  |d 114644